Detalles MARC
| 000 -ENCABEZADO |
| Número de control [NR] |
01791nam a2200313Ia 4500 |
| 008 - DE LONGITUD FIJA DE DATOS DE ELEMENTOS - INFORMACIÓN GENERAL |
| Elementos de longitud fija [NR] |
130821s1988 xxua gs eng |
| 020 ## - NUMERO INTERNACIONAL NORMALIZADO PARA LIBROS [R] |
| Número Internacional Normalizado del libro [NR] |
783249268 |
| 040 ## - FUENTE DE CATALOGACION [NR] |
| Agencia de catalogación original [NR] |
Co-BoUCM |
| Idioma de catalogación [NR] |
spa |
| 041 00 - CODIGO DE IDIOMA [R] |
| Código de idioma para texto/pista de sonido o título separado [R] |
Inglés |
| 092 ## - SIGNATURA TOPOGRAFICA LOCAL |
| Número de clasificación local |
DVD 0491 |
| 245 00 - MENCION DE TITULO [NR] |
| Título [NR] |
Talk Radio the last neighborhood in America |
| Mención de responsabilidad, etc. [NR] |
[DVD] |
| -- |
[dirigida por] Oliver Stone |
| 246 ## - FORMA VARIANTE DEL TITULO [R] |
| Título propiamente dicho/forma breve del título [NR] |
Hablando con la muerte |
| 260 ## - PUBLICACION, DISTRIBUCION, ETC. (PIE DE IMPRENTA) [R] |
| Lugar de publicación, distribución, etc. [R] |
Washington D.C. (Estados Unidos) |
| Nombre del editor, distribuidor, etc. [R] |
Cineplex Odeon Films |
| Fecha de publicación, distribución, etc. [R] |
1988 |
| 300 ## - DESCRIPCION FISICA [R] |
| Extensión [R] |
1 DVD (109 min. ) |
| Otros detalles físicos [NR] |
son. color |
| 500 ## - NOTA GENERAL [R] |
| Nota general [NR] |
SINOPSIS : Barry Champlain es un cínico y cruel animador de un programa de radio nocturno de gran audiencia en Dallas. Es una persona voluble, muchas veces simpático, pero también punzante y odioso en ocasiones, que incluso recibe amenazas por sus afirmaciones y opiniones claras y contundentes; un día de trabajo en la radio, Barry recibe la llamada de un psicópata que dice que lo quiere matar esta misma noche. |
| 508 ## - NOTA DE CREDITOS DE CREACION/PRODUCCION [R] |
| Nota de créditos de creación/producción [NR] |
Director, Oliver Stone; Productor, Edward R. Pressman; Guión, Eric Bogosian & Oliver Stone; Música, Stewart Copeland; Fotografía, Robert Richardson. |
| 511 ## - NOTA DE PARTICIPANTE O INTERPRETE [R] |
| Nota de participante o intérprete [NR] |
Eric Bogosian, Ellen Greene, John C. McGinley, Leslie Hope, Alec Baldwin, Michael Wincott, John Pankow. |
| 546 ## - NOTA DE IDIOMA [R] |
| Nota de idioma [NR] |
Audio en Inglés, Español y Francés. |
| 650 04 - ASIENTO SECUNDARIO DE MATERIA - TERMINO TEMATICO [R] |
| Término temático o nombre geográfico como elemento de entrada [NR] |
Entretenimiento |
| 9 (RLIN) |
26487 |
| 650 04 - ASIENTO SECUNDARIO DE MATERIA - TERMINO TEMATICO [R] |
| Término temático o nombre geográfico como elemento de entrada [NR] |
Locutores de radio |
| Subdivisión general [R] |
Aspectos sociológicos |
| Subdivisión de forma [R] |
DVD |
| 9 (RLIN) |
18787 |
| 650 04 - ASIENTO SECUNDARIO DE MATERIA - TERMINO TEMATICO [R] |
| Término temático o nombre geográfico como elemento de entrada [NR] |
Películas cinematográficas |
| Subdivisión geográfica [R] |
Estados Unidos |
| Subdivisión de forma [R] |
DVD |
| 9 (RLIN) |
7903 |
| 650 04 - ASIENTO SECUNDARIO DE MATERIA - TERMINO TEMATICO [R] |
| Término temático o nombre geográfico como elemento de entrada [NR] |
Películas de suspenso |
| Subdivisión de forma [R] |
DVD |
| 9 (RLIN) |
21240 |
| 650 04 - ASIENTO SECUNDARIO DE MATERIA - TERMINO TEMATICO [R] |
| Término temático o nombre geográfico como elemento de entrada [NR] |
Sociología |
| 9 (RLIN) |
386 |
| 650 04 - ASIENTO SECUNDARIO DE MATERIA - TERMINO TEMATICO [R] |
| Término temático o nombre geográfico como elemento de entrada [NR] |
Trastornos mentales en el cine |
| Subdivisión de forma [R] |
DVD |
| 9 (RLIN) |
25787 |
| 700 1# - ASIENTO SECUNDARIO - NOMBRE PERSONAL [R] |
| Nombre personal [NR] |
Stone, Oliver |
| Fechas asociadas con el nombre [NR] |
1946- |
| Término de relación [R] |
|
| 710 2# - ASIENTO SECUNDARIO - NOMBRE CORPORATIVO [R] |
| Nombre corporativo o de jurisdicción como elemento de entrada [NR] |
Cineplex Odeon Films |
| 856 04 - LOCALIZACION Y ACCESO ELECTRONICOS [R] |
| Identificador Uniforme del Recurso (“URI”) [R] |
<a href="http://www.youtube.com/watch?v=M5E9RV9TyEo">http://www.youtube.com/watch?v=M5E9RV9TyEo</a> |
| Nota dirigida al público [R] |
Siga este vínculo para ver el trailer. |
| 942 ## - ELEMENTOS DE ENTRADA AGREGADOS (KOHA) |
| Tipo de ítem principal el descrito en 300a |
Multimedia |
| Sistema de clasificación |
LOCAL |
| Tema principal |
Sociología |
| Edición |
1 |